|
|
|
|
| LEADER |
00000nab a2200000 a 4500 |
| 001 |
vtls011717622 |
| 003 |
SK-MaSNL |
| 005 |
20260318122049.0 |
| 008 |
171026c2017 xo er n ||00 c0ukr |
| 015 |
|
|
|a SNBRB2017/10
|
| 038 |
|
|
|a SVKPOCL
|
| 040 |
|
|
|a SVKPOCL
|b slo
|c SVKPOCL
|e AACR2
|
| 041 |
0 |
|
|a ukr
|
| 044 |
|
|
|a xo
|c SK
|
| 080 |
|
|
|a 314.151(=161.25)(437.671)"1947"
|2 2011
|
| 080 |
|
|
|a 314.151.3-054.72
|2 2011
|
| 080 |
|
|
|a (437.6)
|2 2011
|
| 080 |
|
|
|a 94(437.67)"1947"
|2 2011
|
| 080 |
|
|
|a (437)
|2 2011
|
| 100 |
1 |
|
|a Lattová, Teodózia,
|d 1949-
|4 aut
|9 110367
|
| 245 |
1 |
0 |
|a Od 28-ho januara do 15-ho decembra 1947-ho roku, iz Čechoslovajkiji na Ukrajinu pereselylosja ...
|c [autor] -tl-
|
| 500 |
|
|
|a V rubrike Našў osobnosty Istoričnўj kalendar'
|
| 648 |
|
7 |
|a 28.1.1947
|2 svkpocl
|9 1590834
|
| 648 |
|
7 |
|a 15.12.1947
|2 svkpocl
|9 1590835
|
| 650 |
0 |
7 |
|a migrácia obyvateľstva
|2 SNKPH
|9 3839
|
| 650 |
0 |
7 |
|a dejiny
|2 SNKPH
|9 3825
|
| 651 |
|
7 |
|a Slovensko
|2 SNKPH
|9 14231
|
| 651 |
|
7 |
|a Ukrajina
|2 SNKPH
|9 168045
|
| 651 |
|
7 |
|a Československo
|2 SNKPH
|9 21376
|
| 773 |
0 |
|
|t NN info Rusyn : Narodnў novynkў Rusyniv Slovakiji
|g Roč. XIV (26), č. 4 (2017), s. 10
|x 2454-0013
|
| 852 |
|
|
|a SVKPO
|b KIS3GCP
|
| 856 |
4 |
2 |
|y Elektronický archív Info Rusyna je dostupný na: http://www.rusyn.sk
|
| 958 |
|
|
|a RN
|
| 958 |
|
|
|a SS
|
| 958 |
|
|
|a UA
|
| 999 |
|
|
|c 3263621
|d 3265551
|